000 01342nam a22003977a 4500
001 000006540
003 CHAP
005 20220329133438.0
008 971013s1991 r 00010 d
010 _a6485
011 _a7457
035 _a6680
040 _cCHAP
090 _aTesis
100 0 0 _aColorado Landa, Roberto.
_925464
245 0 _aDefinición de la estratigrafía y geometría del acuífero de Chapingo, utilizando prospección geoeléctrica.
260 _aChapingo, Méx. :
_bEl autor,
_c1991.
300 _a108 h. :
_b; anexo ; gráfs. ; mapas.
500 _a62-126
502 _aTesis (Ing. Agr. Esp. en Irrigación) -- UACH. Departamento de Irrigación
590 _aALEPH
_b10
_c20130110
_lUCH01
_h1219
590 _aBATCH-UPD
_b10
_c20130109
_lUCH01
_h2324
590 _aBATCH-UPD
_b10
_c20130110
_lUCH01
_h0119
590 _aBATCH-UPD
_b10
_c20130110
_lUCH01
_h2001
590 _aBATCH-UPD
_b10
_c20130410
_lUCH01
_h1321
590 _aBATCH-UPD
_b10
_c20130914
_lUCH01
_h1011
590 _aCONVERSION
_b10
_c20130109
_lUCH01
_h1305
590 _aE5995AHE
_b05
_c20141202
_lUCH01
_h1248
650 1 4 _aGeología estratigráfica.
_947649
650 1 4 _aHidrogeología.
_955236
700 0 _aHinojosa Rangel, Juan.
_955527
901 _aBK
942 _cTESIS
942 _n0
949 _bBC
_cTES
_d-16288
_eTS1
_h25472
_i6680
_si
999 _c6485
_d6485